DreamWorks Animation Movie Slideshow Quiz Stats

 Plays Quiz Updated Apr 15, 2015

Score 0/26 Timer 04:00
4 Plays Today
% Correct
Shrek
99.3%
Madagascar
97.8%
Kung Fu Panda
97.2%
Shrek 2
97%
Antz
89%
Puss in Boots
88.4%
Bee Movie
87.4%
Shrek the Third
85.2%
Chicken Run
83.8%
Shark Tale
81.2%
How to Train Your Dragon
81%
Madagascar: Escape 2 Africa
78.2%
Kung Fu Panda 2
76.7%
% Correct
Megamind
72.1%
The Croods
64.6%
Wallace and Gromit: The Curse of the Were-Rabbit
64.4%
Over the Hedge
64.1%
Turbo
60%
The Prince of Egypt
56.3%
Flushed Away
47.1%
Home
46.9%
Monsters vs. Aliens
46.2%
The Road to El Dorado
40.9%
Spirit: Stallion of the Cimarron
40.5%
Mr. Peabody & Sherman
38%
Rise of the Guardians
26.3%

You're not logged in!

Compare scores with friends on all Sporcle quizzes.
OR
Log In

Show Comments

Extras

Top Quizzes Today


Score Distribution

Your Account Isn't Verified!

In order to create a playlist on Sporcle, you need to verify the email address you used during registration. Go to your Sporcle Settings to finish the process.

Report this User

Report this user for behavior that violates our Community Guidelines.

Details: